| 000 | 00418cam a22001337a 4500 | ||
|---|---|---|---|
| 008 | 180718b1972 xxu||||| |||| 00| 0 eng d | ||
| 082 | _aX93 Un3 72 | ||
| 245 |
_aTraffic noise :The Vehicle regulations and their enforcement _cby Her Majesty's |
||
| 260 |
_aLondon _bHer Majesty's _c1972 |
||
| 300 | _avi,66p | ||
| 500 | _aNoise Advistory Council | ||
| 650 | _aTraffic noise --Bibliography | ||
| 700 | _aU.K. Her Majesty's | ||
| 999 |
_c413880 _d413880 |
||